000 00590nam a22002177a 4500
003 UA-OsUOA
001 97780
007 ta
008 20130404b un ||||| |||| 00| 0 ukr d
090 _a821.161.1
_bП47
942 _cBK
040 _aUA-OsUOA
_brus
_cUA-OsUOA
_dUA-OsUOA
245 _aПозиция
_bлитературная полемика
300 _a559 с.
955 _a3
041 _arus
080 _a821.161.1
260 _aМ.
_bСоветска Россия
_c1990
650 7 _a82 Література. Літературознавство
_2UDC
999 _c384039
_d384039